000 00285nam a2200109Ia 4500
008 190914s9999||||xx |||||||||||||| ||und||
100 _aLaudon , Laudon
245 0 _aEssentials Of Management Information Systems
260 _aNew Delhi
_bBantam Books
_c2004
300 _a447
942 _cBK
999 _c9084
_d9084